000 00595 a2200181 4500
999 _c7724
_d7724
020 _a0195209974
050 0 0 _aHG 5993 SHA 1995
100 _aShah, Anwar
_eeditor
245 0 0 _aFiscal incentives for investment and innovation /
_cAnwar Shah
264 _aNew York :
_bOxford University Press,
_c1995
300 _axviii, 725 p. :
_bill. ;
500 _aIncludes bibliographical references and index
504 _aIncludes bibliographical references and index
650 0 _aInvestments, Foreign
650 0 _aInvestment tax credit
650 0 _aTax incentives
942 _2lcc
_cBK
_h5993
_iSHA
_kHG